000 01233cam a2200313 i 4500
001 768714001
003 CO-MdFUSB
005 20250603090340.0
007 ta
008 210112t1974enk enk |||| |||| 00| 0 eng d
020 _a0264646207
040 _bspa.
_aCO-MdFUSB
_cCO-MdFUSB
_dCO-MdFUSBC
_erda
041 _aeng
082 _223
_a248.483
_bG437
100 1 _aGibbard, Mark
_eautor
245 1 0 _aDynamic of love :
_ban exploration into believing, praying and being human
_c/ Mark Gibbard
264 1 _aLondon :
_bMowbrays,
_c[1974]
264 4 _c© 1974
300 _a117 páginas
_c; 19 cm
336 _atexto
_btxt
_2rdacontent
337 _2rdamedia
_asin mediación
_bn
338 _2rdacarrier
_avolumen
_bnc
505 _aLo que es ser verdaderamente humano - Oración y la realidad de Dios - Cristo y la contemplación - El fracaso, el perdón y la libertad - "Sí" a Dios con alegría - La iglesia y el impacto del Cristo resucitado - La vida para venir y la vida ahora - Culto: Una necesidad elemental - Encontrarse con Dios a través de la Biblia - La oración para todas las estaciones
563 _aRústico
650 0 _919
_aVida cristiana
942 _cBK
945 _aJTF-925
999 _c45879
_d45879